[Event "II Torneo Internacional Femenino Gran Hotel Bali "
[Site "Benidorm (Alicante - SPAIN)"]
[Date "2011.12.08"]
[Round "5"]
[Board "1"]
[White "Matnadze, Ana"]
[Black "Collado Barbas, Laura"]
[Result "1-0"]
[WhiteElo "2438"]
[BlackElo "2078"]
[PlyCount "0"]
[EventDate "2011.12.05"]
[EventRounds "9"]
[EventCountry "ESP"]

1. d4 { [%clk 1:30] } d5 { [%clk 1:30] } 2. g3 { [%clk 1:31] } Nf6 { [%clk
1:31] } 3. Bg2 { [%clk 1:31] } Bf5 { [%clk 1:31] } 4. Nf3 { [%clk 1:32] } e6 {
[%clk 1:31] } 5. O-O { [%clk 1:32] } h6 { [%clk 1:31] } 6. c4 { [%clk 1:32] }
c6 { [%clk 1:32] } 7. Nc3 { [%clk 1:31] } Nbd7 { [%clk 1:32] } 8. Nd2 { [%clk
1:31] } Be7 { [%clk 1:27] } 9. b3 { [%clk 1:31] } O-O { [%clk 1:27] } 10. Bb2
{ [%clk 1:31] } Qb6 { [%clk 1:27] } 11. h3 { [%clk 1:26] } Rad8 { [%clk 1:21]
} 12. Re1 { [%clk 1:23] } a5 { [%clk 1:14] } 13. Qc1 { [%clk 1:16] } Rfe8 {
[%clk 1:06] } 14. c5 { [%clk 1:07] } Qc7 { [%clk 1:04] } 15. Na4 { [%clk 1:04]
} e5 { [%clk 0:52] } 16. dxe5 { [%clk 0:58] } Nxe5 { [%clk 0:50] } 17. Bd4 {
[%clk 0:58] } Ned7 { [%clk 0:49] } 18. Qc3 { [%clk 0:57] } Bf8 { [%clk 0:42] }
19. Rad1 { [%clk 0:54] } Ne4 { [%clk 0:37] } 20. Nxe4 { [%clk 0:54] } Bxe4 {
[%clk 0:37] } 21. Rc1 { [%clk 0:49] } Bxg2 { [%clk 0:34] } 22. Kxg2 { [%clk
0:49] } Ra8 { [%clk 0:33] } 23. Rc2 { [%clk 0:45] } Re6 { [%clk 0:32] } 24. Qd2
{ [%clk 0:45] } Rg6 { [%clk 0:25] } 25. e4 { [%clk 0:43] } dxe4 { [%clk 0:21]
} 26. Rxe4 { [%clk 0:44] } Rd8 { [%clk 0:08.04] } 27. Qe1 { [%clk 0:40] } Nf6
{ [%clk 0:03.46] } 28. Be5 { [%clk 0:39] } Qd7 { [%clk 0:03.18] } 29. Bxf6 {
[%clk 0:28] } Rxf6 { [%clk 0:03.33] } 30. Qe2 { [%clk 0:28] } Qf5 { [%clk
0:00.56] } 31. Re5 { [%clk 0:25] } Qg6 { [%clk 0:00.42] } 32. Rc4 { [%clk
0:13.20] } Rf5 { [%clk 0:00.43] } 33. Re8 { [%clk 0:10.35] } Rxe8 { [%clk
0:00.41] } 34. Qxe8 { [%clk 0:11.03] } Qf6 { [%clk 0:00.59] } 35. Qe3 { [%clk
0:10.02] } Re5 { [%clk 0:01.02] } 36. Qc3 { [%clk 0:09.05] } Qe6 { [%clk
0:00.47] } 37. Qd3 { [%clk 0:05.30] } Re2 { [%clk 0:00.43] } 38. Nc3 { [%clk
0:04.56] } Re5 { [%clk 0:00.46] } 39. Qd8 { [%clk 0:01.52] } Qf5 { [%clk
0:00.39] } 40. Rf4 { [%clk 0:01.27] } Qe6 { [%clk 0:01.07] } 41. Na4 { [%clk
0:01.22] } Re2 { [%clk 0:01.21] } 42. Nb6 { [%clk 0:01.10] } Qe7 { [%clk
0:00.44] } 43. Qd3 { [%clk 0:00.41] } Rxa2 { [%clk 0:00.42] } 44. Nd7 { [%clk
0:00.49] } Qd8 { [%clk 0:00.37] } 45. Nf6+ { [%clk 0:00.49] } Qxf6 { [%clk
0:01.05] } 46. Rxf6 { [%clk 0:01.14] } gxf6 { [%clk 0:01.34] } 47. Qc3 { [%clk
0:01.25] } Kg7 { [%clk 0:00.39] } 48. g4 { [%clk 0:01.45] } Re2 { [%clk
0:00.38] } 49. Qxa5 { [%clk 0:01.57] } Re5 { [%clk 0:00.36] } 50. b4 { [%clk
0:02.21] } Kg6 { [%clk 0:00.35] } 51. Qa8 { [%clk 0:02.36] } Kg7 { [%clk
0:00.33] } 52. Qxb7 { [%clk 0:02.59] } Re6 { [%clk 0:00.44] } 53. f4 { [%clk
0:03.15] } Re4 { [%clk 0:00.59] } 54. Kf3 { [%clk 0:03.19] } Rc4 { [%clk
0:01.13] } 55. h4 { [%clk 0:03.25] } Rd4 { [%clk 0:00.52] } 56. Ke3 { [%clk
0:03.48] } Rc4 { [%clk 0:01.16] } 57. Qb8 { [%clk 0:03.38] } Rc1 { [%clk
0:00.50] } 58. Kd3 { [%clk 0:03.58] } Rb1 { [%clk 0:00.40] } 59. Qb6 { [%clk
0:03.47] } Rf1 { [%clk 0:00.38] } 60. Ke4 { [%clk 0:04.00] } Rb1 { [%clk
0:00.47] } 61. Kf5 { [%clk 0:04.19] } Rb3 { [%clk 0:00.38] } 62. Qxc6 { [%clk
0:03.08] } Rxb4 { [%clk 0:01.07] } 63. Qxf6+ { [%clk 0:03.32] } Kg8 { [%clk
0:01.32] } 64. c6 { [%clk 0:03.34] } Rc4 { [%clk 0:01.34] } 65. g5 { [%clk
0:03.10] } hxg5 { [%clk 0:03.25] } 66. hxg5 { [%clk 0:00.38] } Rc1 { [%clk
0:00.38] } 67. Ke4 { [%clk 0:03.20] } Re1+ { [%clk 0:00.37] } 68. Kd3 { [%clk
0:03.33] } Rc1 { [%clk 0:03.46] } 69. f5 { [%clk 0:03.39] } Rc5 { [%clk
0:00.38] } 70. g6 { [%clk 0:03.52] } fxg6 { [%clk 0:00.39] } 71. fxg6 { [%clk
0:04.20] } Bg7 { [%clk 0:00.33] } 72. Qf7+ { [%clk 0:04.38] } 1-0

[Event "II Torneo Internacional Femenino Gran Hotel Bali "
[Site "Benidorm (Alicante - SPAIN)"]
[Date "2011.12.08"]
[Round "5"]
[Board "1"]
[White "Rudolf, Anna"]
[Black "Savina, Anastasia"]
[Result "1-0"]
[WhiteElo "2347"]
[BlackElo "2343"]
[PlyCount "0"]
[EventDate "2011.12.05"]
[EventRounds "9"]
[EventCountry "ESP"]

1. e4 { [%clk 1:30] } c5 { [%clk 1:27] } 2. c3 { [%clk 1:31] } Nf6 { [%clk
1:27] } 3. e5 { [%clk 1:31] } Nd5 { [%clk 1:28] } 4. d4 { [%clk 1:31] } cxd4 {
[%clk 1:28] } 5. Nf3 { [%clk 1:32] } Nc6 { [%clk 1:28] } 6. cxd4 { [%clk 1:32]
} d6 { [%clk 1:28] } 7. Bc4 { [%clk 1:32] } dxe5 { [%clk 1:25] } 8. dxe5 {
[%clk 1:32] } Ndb4 { [%clk 1:25] } 9. Qb3 { [%clk 1:32] } e6 { [%clk 1:25] }
10. O-O { [%clk 1:32] } Na5 { [%clk 1:24] } 11. Qa4+ { [%clk 1:27] } Bd7 {
[%clk 1:24] } 12. Bb5 { [%clk 1:27] } Bxb5 { [%clk 1:24] } 13. Qxb5+ { [%clk
1:27] } Nac6 { [%clk 1:24] } 14. Nc3 { [%clk 1:23] } a6 { [%clk 1:17] } 15. Qa4
{ [%clk 1:10] } b5 { [%clk 1:00] } 16. Qd1 { [%clk 1:04] } Be7 { [%clk 0:57] }
17. a3 { [%clk 0:59] } Qxd1 { [%clk 0:49] } 18. Rxd1 { [%clk 0:59] } Nc2 {
[%clk 0:49] } 19. Rb1 { [%clk 0:58] } Rd8 { [%clk 0:45] } 20. Rxd8+ { [%clk
0:42] } Bxd8 { [%clk 0:43] } 21. Bf4 { [%clk 0:41] } h6 { [%clk 0:27] } 22. Rc1
{ [%clk 0:24] } N2d4 { [%clk 0:27] } 23. Nxd4 { [%clk 0:24] } Nxd4 { [%clk
0:27] } 24. Rd1 { [%clk 0:25] } Nc6 { [%clk 0:26] } 25. Ne4 { [%clk 0:22] } O-O
{ [%clk 0:22] } 26. Rd7 { [%clk 0:18.20] } Bg5 { [%clk 0:14.34] } 27. Bxg5 {
[%clk 0:16.36] } hxg5 { [%clk 0:14.44] } 28. Rd6 { [%clk 0:16.33] } Nxe5 {
[%clk 0:13.54] } 29. Rxa6 { [%clk 0:16.47] } Rc8 { [%clk 0:03.34] } 30. h3 {
[%clk 0:15.13] } Rc1+ { [%clk 0:03.02] } 31. Kh2 { [%clk 0:15.37] } Rc2 {
[%clk 0:02.34] } 32. Nxg5 { [%clk 0:13.58] } Kf8 { [%clk 0:01.40] } 33. f4 {
[%clk 0:13.20] } Nd3 { [%clk 0:00.37] } 34. Ra8+ { [%clk 0:10.25] } Ke7 {
[%clk 0:01.06] } 35. Ra7+ { [%clk 0:10.47] } Kf6 { [%clk 0:00.53] } 36. Rxf7+
{ [%clk 0:10.40] } Kg6 { [%clk 0:01.22] } 37. h4 { [%clk 0:08.18] } Rxb2 {
[%clk 0:01.17] } 38. h5+ { [%clk 0:07.54] } Kxh5 { [%clk 0:00.56] } 39. Nxe6 {
[%clk 0:08.22] } Kg6 { [%clk 0:00.35] } 40. Rf8 { [%clk 0:05.44] } Ra2 { [%clk
0:00.32] } 41. f5+ { [%clk 0:05.58] } Kh5 { [%clk 0:00.31] } 42. Kg3 1-0

[Event "II Torneo Internacional Femenino Gran Hotel Bali "
[Site "Benidorm (Alicante - SPAIN)"]
[Date "2011.12.08"]
[Round "5"]
[Board "1"]
[White "Aranaz Murillo, Amalia"]
[Black "Cerrato Torrijos, Maria"]
[Result "1-0"]
[WhiteElo "2211"]
[BlackElo "2069"]
[PlyCount "0"]
[EventDate "2011.12.05"]
[EventRounds "9"]
[EventCountry "ESP"]

1. Nf3 { [%clk 1:30] } d5 { [%clk 1:30] } 2. g3 { [%clk 1:31] } Nf6 { [%clk
1:31] } 3. Bg2 { [%clk 1:31] } c5 { [%clk 1:29] } 4. c4 { [%clk 1:31] } e6 {
[%clk 1:26] } 5. cxd5 { [%clk 1:31] } exd5 { [%clk 1:25] } 6. d4 { [%clk 1:30]
} Nc6 { [%clk 1:24] } 7. O-O { [%clk 1:30] } Be6 { [%clk 1:22] } 8. Nc3 {
[%clk 1:29] } Be7 { [%clk 1:22] } 9. Bg5 { [%clk 1:28] } cxd4 { [%clk 1:20] }
10. Nxd4 { [%clk 1:28] } h6 { [%clk 1:19] } 11. Bf4 { [%clk 1:27] } O-O {
[%clk 1:19] } 12. Rc1 { [%clk 1:23] } Rc8 { [%clk 1:17] } 13. Qd3 { [%clk
1:15] } Qd7 { [%clk 1:05] } 14. Nxc6 { [%clk 1:08] } bxc6 { [%clk 1:05] } 15.
Rfd1 { [%clk 1:07] } Rfd8 { [%clk 1:03] } 16. Qa6 { [%clk 1:01] } c5 { [%clk
0:58] } 17. b3 { [%clk 0:33] } Rc6 { [%clk 0:53] } 18. Qb5 { [%clk 0:33] } Qc8
{ [%clk 0:50] } 19. Na4 { [%clk 0:29] } c4 { [%clk 0:43] } 20. Be5 { [%clk
0:26] } a6 { [%clk 0:40] } 21. Qa5 { [%clk 0:27] } cxb3 { [%clk 0:40] } 22.
Rxc6 { [%clk 0:26] } Qxc6 { [%clk 0:40] } 23. axb3 { [%clk 0:26] } Qc2 { [%clk
0:39] } 24. Nc3 { [%clk 0:21] } Qxb3 { [%clk 0:37] } 25. Qxa6 { [%clk 0:19.21]
} Rc8 { [%clk 0:33] } 26. Qd3 { [%clk 0:18.17] } d4 { [%clk 0:22] } 27. Bxd4 {
[%clk 0:17.14] } Rd8 { [%clk 0:21] } 28. Ne4 { [%clk 0:13.19] } Qa4 { [%clk
0:20] } 29. Nxf6+ { [%clk 0:12.57] } Bxf6 { [%clk 0:20] } 30. e3 { [%clk
0:13.20] } Bb3 { [%clk 0:19.08] } 31. Rc1 { [%clk 0:12.05] } g6 { [%clk
0:19.19] } 32. Bxf6 1-0

[Event "II Torneo Internacional Femenino Gran Hotel Bali "
[Site "Benidorm (Alicante - SPAIN)"]
[Date "2011.12.08"]
[Round "5"]
[Board "1"]
[White "Maisuradze, Nino"]
[Black "Guadamuro Torrente, Anabel"]
[Result "1-0"]
[WhiteElo "2315"]
[BlackElo "2188"]
[PlyCount "0"]
[EventDate "2011.12.05"]
[EventRounds "9"]
[EventCountry "ESP"]

1. f4 { [%clk 1:20] } d5 { [%clk 1:29] } 2. b3 { [%clk 1:20] } Nf6 { [%clk
1:29] } 3. Bb2 { [%clk 1:20] } c6 { [%clk 1:29] } 4. Nf3 { [%clk 1:19] } Bg4 {
[%clk 1:28] } 5. Ne5 { [%clk 1:19] } Bf5 { [%clk 1:27] } 6. e3 { [%clk 1:16] }
Nbd7 { [%clk 1:25] } 7. d3 { [%clk 1:12] } Qb6 { [%clk 1:13] } 8. Qf3 { [%clk
1:03] } h5 { [%clk 1:03] } 9. Nd2 { [%clk 1:00] } Ng4 { [%clk 0:50] } 10. Nxg4
{ [%clk 0:52] } Bxg4 { [%clk 0:46] } 11. Qg3 { [%clk 0:49] } Nf6 { [%clk 0:44]
} 12. h3 { [%clk 0:49] } Bf5 { [%clk 0:40] } 13. Be2 { [%clk 0:42] } e6 {
[%clk 0:33] } 14. a3 { [%clk 0:41] } h4 { [%clk 0:26] } 15. Qf2 { [%clk 0:33]
} Bc5 { [%clk 0:26] } 16. Bd4 { [%clk 0:30] } Bxd4 { [%clk 0:23] } 17. exd4 {
[%clk 0:31] } Qc7 { [%clk 0:16.35] } 18. Qe3 { [%clk 0:18.24] } Ng8 { [%clk
0:13.15] } 19. Bg4 { [%clk 0:16.33] } Ne7 { [%clk 0:12.31] } 20. Nf3 { [%clk
0:13.43] } Bxg4 { [%clk 0:05.25] } 21. hxg4 { [%clk 0:14.10] } Ng6 { [%clk
0:05.46] } 22. f5 { [%clk 0:09.52] } Nf4 { [%clk 0:01.00] } 23. Kf2 { [%clk
0:06.25] } O-O-O { [%clk 0:01.17] } 24. Qe5 { [%clk 0:02.50] } Qxe5 { [%clk
0:00.36] } 25. dxe5 { [%clk 0:02.21] } exf5 { [%clk 0:00.34] } 26. gxf5 {
[%clk 0:02.49] } Rde8 { [%clk 0:00.35] } 27. d4 { [%clk 0:02.22] } Rh5 { [%clk
0:00.34] } 28. Rxh4 { [%clk 0:01.28] } Rxh4 { [%clk 0:00.44] } 29. Nxh4 {
[%clk 0:01.55] } c5 { [%clk 0:00.34] } 30. Kf3 { [%clk 0:01.04] } g5 { [%clk
0:00.45] } 31. fxg6 { [%clk 0:01.21] } Nxg6 { [%clk 0:01.08] } 32. Nxg6 {
[%clk 0:01.03] } fxg6 { [%clk 0:01.37] } 33. c3 { [%clk 0:01.27] } cxd4 {
[%clk 0:01.22] } 34. cxd4 { [%clk 0:01.56] } Kd7 { [%clk 0:01.47] } 35. Rc1 {
[%clk 0:02.06] } b6 { [%clk 0:01.59] } 36. b4 { [%clk 0:01.53] } Rf8+ { [%clk
0:02.19] } 37. Ke3 { [%clk 0:02.09] } a6 { [%clk 0:02.08] } 38. a4 { [%clk
0:02.29] } Ra8 { [%clk 0:00.56] } 39. a5 { [%clk 0:01.46] } bxa5 { [%clk
0:01.07] } 40. bxa5 { [%clk 0:02.14] } Ke6 { [%clk 0:00.32] } 41. Rc6+ { [%clk
0:02.28] } Kf5 { [%clk 0:01.01] } 42. Rf6+ { [%clk 0:02.14] } Kg5 { [%clk
0:01.29] } 43. Rd6 { [%clk 0:02.36] } Rb8 { [%clk 0:01.46] } 44. Rxd5 { [%clk
0:02.37] } Rb3+ { [%clk 0:02.09] } 45. Ke4 { [%clk 0:02.46] } Rb2 { [%clk
0:02.12] } 46. Rd6 { [%clk 0:02.45] } Rxg2 { [%clk 0:03.10] } 47. Rxa6 { [%clk
0:02.09] } Kh5 { [%clk 0:02.59] } 48. Ra8 { [%clk 0:02.09] } g5 { [%clk
0:03.14] } 49. a6 { [%clk 0:02.29] } g4 { [%clk 0:03.38] } 50. a7 1-0

[Event "II Torneo Internacional Femenino Gran Hotel Bali "
[Site "Benidorm (Alicante - SPAIN)"]
[Date "2011.12.09"]
[Round "6"]
[Board "1"]
[White "Nicolas Zapata, Irene"]
[Black "Guadamuro Torrente, Anabel"]
[Result "1/2-1/2"]
[WhiteElo "2071"]
[BlackElo "2188"]
[PlyCount "0"]
[EventDate "2011.12.05"]
[EventRounds "9"]
[EventCountry "ESP"]

1. Nf3 { [%clk 1:30] } d6 { [%clk 1:30] } 2. d4 { [%clk 1:31] } Bg4 { [%clk
1:30] } 3. g3 { [%clk 1:31] } Bxf3 { [%clk 1:30] } 4. exf3 { [%clk 1:31] } e6
{ [%clk 1:29] } 5. Bg2 { [%clk 1:31] } d5 { [%clk 1:30] } 6. O-O { [%clk 1:31]
} Nf6 { [%clk 1:30] } 7. c4 { [%clk 1:31] } c6 { [%clk 1:28] } 8. f4 { [%clk
1:31] } Be7 { [%clk 1:24] } 9. Qe2 { [%clk 1:31] } O-O { [%clk 1:23] } 10. Nc3
{ [%clk 1:31] } dxc4 { [%clk 1:12] } 11. Qxc4 { [%clk 1:31] } Nd5 { [%clk
1:12] } 12. f5 { [%clk 1:27] } Nb6 { [%clk 0:52] } 13. Qb3 { [%clk 1:24] } exf5
{ [%clk 0:49] } 14. d5 { [%clk 1:21] } cxd5 { [%clk 0:39] } 15. Nxd5 { [%clk
1:21] } Nc6 { [%clk 0:34] } 16. Rd1 { [%clk 1:15] } Nxd5 { [%clk 0:29] } 17.
Rxd5 { [%clk 1:11] } Qc8 { [%clk 0:28] } 18. Be3 { [%clk 1:08] } Bf6 { [%clk
0:20] } 19. Rc1 { [%clk 1:02] } a6 { [%clk 0:17.33] } 20. Qd3 { [%clk 0:52] }
g6 { [%clk 0:11.10] } 21. Qd2 { [%clk 0:40] } Rd8 { [%clk 0:09.18] } 22. Rxd8+
{ [%clk 0:22] } Qxd8 { [%clk 0:09.30] } 23. Qxd8+ { [%clk 0:21] } Rxd8 { [%clk
0:06.54] } 24. Bxc6 { [%clk 0:21] } bxc6 { [%clk 0:07.19] } 25. Rxc6 { [%clk
0:22] } Bxb2 { [%clk 0:07.36] } 26. Rxa6 { [%clk 0:22] } Be5 { [%clk 0:04.12]
} 27. a4 { [%clk 0:21] } Kf8 { [%clk 0:02.43] } 28. a5 { [%clk 0:17.37] } Bd4
{ [%clk 0:00.59] } 29. Bxd4 { [%clk 0:10.24] } Rxd4 { [%clk 0:01.28] } 30. Ra7
{ [%clk 0:10.42] } Ra4 { [%clk 0:01.17] } 31. a6 { [%clk 0:08.55] } Kg7 {
[%clk 0:01.19] } 32. Kf1 { [%clk 0:08.43] } Ra2 { [%clk 0:00.57] } 33. Ra8 {
[%clk 0:08.20] } Kf6 1/2-1/2

[Event "II Torneo Internacional Femenino Gran Hotel Bali "
[Site "Benidorm (Alicante - SPAIN)"]
[Date "2011.12.09"]
[Round "6"]
[Board "1"]
[White "Cerrato Torrijos, Maria"]
[Black "Maisuradze, Nino"]
[Result "1-0"]
[WhiteElo "2069"]
[BlackElo "2315"]
[PlyCount "0"]
[EventDate "2011.12.05"]
[EventRounds "9"]
[EventCountry "ESP"]

1. e4 { [%clk 1:30] } g6 { [%clk 1:26] } 2. d4 { [%clk 1:30] } Bg7 { [%clk
1:26] } 3. Nc3 { [%clk 1:30] } d6 { [%clk 1:25] } 4. Be3 { [%clk 1:30] } a6 {
[%clk 1:25] } 5. Qd2 { [%clk 1:30] } b5 { [%clk 1:25] } 6. a4 { [%clk 1:28] }
b4 { [%clk 1:24] } 7. Na2 { [%clk 1:24] } a5 { [%clk 1:23] } 8. c3 { [%clk
1:24] } bxc3 { [%clk 1:22] } 9. Nxc3 { [%clk 1:24] } Bb7 { [%clk 1:19] } 10. f3
{ [%clk 1:21] } Nf6 { [%clk 1:17] } 11. Bd3 { [%clk 1:17] } O-O { [%clk 1:16]
} 12. Nge2 { [%clk 1:17] } Na6 { [%clk 1:14] } 13. O-O { [%clk 1:16] } Nb4 {
[%clk 1:12] } 14. Bb1 { [%clk 1:12] } Nd7 { [%clk 1:09] } 15. Na2 { [%clk
1:06] } Ba6 { [%clk 1:06] } 16. Rc1 { [%clk 1:03] } c5 { [%clk 1:02] } 17. Nxb4
{ [%clk 0:59] } axb4 { [%clk 1:00] } 18. Bd3 { [%clk 0:58] } cxd4 { [%clk
0:51] } 19. Bxd4 { [%clk 0:54] } Bxd4+ { [%clk 0:47] } 20. Nxd4 { [%clk 0:54]
} Bxd3 { [%clk 0:46] } 21. Qxd3 { [%clk 0:55] } Qb6 { [%clk 0:44] } 22. Kh1 {
[%clk 0:52] } Nc5 { [%clk 0:42] } 23. Qd1 { [%clk 0:46] } e5 { [%clk 0:32] }
24. a5 { [%clk 0:44] } Qa6 { [%clk 0:24] } 25. Nb3 { [%clk 0:43] } Nd3 { [%clk
0:23] } 26. Rc2 { [%clk 0:43] } Rfd8 { [%clk 0:22] } 27. Rd2 { [%clk 0:43] }
Nf4 { [%clk 0:23] } 28. Rc1 { [%clk 0:43] } Kg7 { [%clk 0:18.56] } 29. g3 {
[%clk 0:39] } Ne6 { [%clk 0:19.10] } 30. Rd5 { [%clk 0:38] } f5 { [%clk
0:15.35] } 31. Qd2 { [%clk 0:38] } fxe4 { [%clk 0:15.45] } 32. fxe4 { [%clk
0:39] } Qb7 { [%clk 0:15.10] } 33. Re1 { [%clk 0:36] } Qc6 { [%clk 0:12.31] }
34. Rc1 { [%clk 0:32] } Qa4 { [%clk 0:11.41] } 35. Qe3 { [%clk 0:29] } Rd7 {
[%clk 0:10.33] } 36. Rcd1 { [%clk 0:26] } Ra6 { [%clk 0:03.21] } 37. Rf1 {
[%clk 0:26] } Raa7 { [%clk 0:03.12] } 38. Rxd6 { [%clk 0:25] } Rxd6 { [%clk
0:01.19] } 39. Qxa7+ { [%clk 0:25] } Qd7 { [%clk 0:01.01] } 40. Qxd7+ { [%clk
0:24] } Rxd7 { [%clk 0:01.30] } 41. Rc1 { [%clk 0:24] } Rc7 { [%clk 0:01.46] }
42. Rxc7+ { [%clk 0:24] } Nxc7 { [%clk 0:01.46] } 43. Nc5 { [%clk 0:25] } Kf6
{ [%clk 0:01.43] } 44. a6 { [%clk 0:25] } Ke7 { [%clk 0:00.50] } 45. a7 {
[%clk 0:25] } Kd6 { [%clk 0:00.47] } 46. Na6 { [%clk 0:26] } Na8 { [%clk
0:00.46] } 47. Kg2 { [%clk 0:26] } b3 { [%clk 0:00.57] } 48. Kf3 { [%clk 0:26]
} Kc6 { [%clk 0:01.16] } 49. Nb4+ { [%clk 0:26] } Kb7 { [%clk 0:00.43] } 50.
Nd3 { [%clk 0:26] } Kxa7 { [%clk 0:01.09] } 51. Nxe5 { [%clk 0:25] } Kb6 {
[%clk 0:00.38] } 52. Kg4 { [%clk 0:26] } Kc5 { [%clk 0:00.54] } 53. Nd3+ {
[%clk 0:26] } Kc4 { [%clk 0:00.59] } 54. Nc1 { [%clk 0:26] } h6 { [%clk
0:01.13] } 55. Kf4 { [%clk 0:26] } Nb6 { [%clk 0:01.11] } 56. Ke5 { [%clk
0:26] } Nd7+ { [%clk 0:00.41] } 57. Kd6 { [%clk 0:26] } Nc5 { [%clk 0:00.38] }
58. e5 { [%clk 0:26] } Ne4+ { [%clk 0:00.41] } 59. Ke7 { [%clk 0:26] } Kd5 {
[%clk 0:00.44] } 60. e6 { [%clk 0:26] } Ng5 { [%clk 0:00.43] } 61. Nxb3 {
[%clk 0:26] } Nxe6 { [%clk 0:01.12] } 62. Kf6 { [%clk 0:27] } g5 { [%clk
0:01.06] } 63. Kg6 { [%clk 0:27] } Kc4 { [%clk 0:00.57] } 64. Nc1 { [%clk
0:27] } Nd4 { [%clk 0:00.45] } 65. Kxh6 { [%clk 0:27] } Nf3 { [%clk 0:00.51] }
66. h3 { [%clk 0:27] } Kd4 { [%clk 0:00.56] } 67. Kh5 { [%clk 0:28] } Ke3 {
[%clk 0:00.35] } 68. b4 { [%clk 0:28] } Kd4 { [%clk 0:00.45] } 69. Kg4 { [%clk
0:28] } Ng1 { [%clk 0:00.53] } 70. h4 { [%clk 0:28] } Kc4 { [%clk 0:00.36] }
71. h5 { [%clk 0:29] } Kd5 1-0

[Event "II Torneo Internacional Femenino Gran Hotel Bali "
[Site "Benidorm (Alicante - SPAIN)"]
[Date "2011.12.09"]
[Round "6"]
[Board "1"]
[White "Savina, Anastasia"]
[Black "Aranaz Murillo, Amalia"]
[Result "1-0"]
[WhiteElo "2343"]
[BlackElo "2211"]
[PlyCount "0"]
[EventDate "2011.12.05"]
[EventRounds "9"]
[EventCountry "ESP"]

1. d4 { [%clk 1:27] } Nf6 { [%clk 1:30] } 2. c4 { [%clk 1:28] } c5 { [%clk
1:31] } 3. d5 { [%clk 1:28] } b5 { [%clk 1:31] } 4. cxb5 { [%clk 1:29] } a6 {
[%clk 1:32] } 5. e3 { [%clk 1:27] } g6 { [%clk 1:29] } 6. Nc3 { [%clk 1:28] }
Bg7 { [%clk 1:28] } 7. a4 { [%clk 1:27] } O-O { [%clk 1:28] } 8. Nf3 { [%clk
1:28] } Bb7 { [%clk 1:24] } 9. Be2 { [%clk 1:27] } axb5 { [%clk 1:20] } 10.
Bxb5 { [%clk 1:27] } e6 { [%clk 1:20] } 11. e4 { [%clk 1:26] } exd5 { [%clk
1:19] } 12. exd5 { [%clk 1:27] } Re8+ { [%clk 1:17] } 13. Be3 { [%clk 1:26] }
Ng4 { [%clk 1:12] } 14. O-O { [%clk 1:26] } Nxe3 { [%clk 1:09] } 15. fxe3 {
[%clk 1:27] } Rxe3 { [%clk 1:09] } 16. Qd2 { [%clk 1:16] } Re8 { [%clk 1:04] }
17. Kh1 { [%clk 1:02] } Na6 { [%clk 1:00] } 18. d6 { [%clk 0:55] } Nb4 { [%clk
0:57] } 19. Bc4 { [%clk 0:43] } Nc6 { [%clk 0:43] } 20. Bxf7+ { [%clk 0:21] }
Kxf7 { [%clk 0:43] } 21. Qd5+ { [%clk 0:21] } Re6 { [%clk 0:44] } 22. Ng5+ {
[%clk 0:22] } Kg8 { [%clk 0:44] } 23. Nxe6 { [%clk 0:22] } dxe6 { [%clk 0:44]
} 24. Qxe6+ { [%clk 0:22] } Kh8 { [%clk 0:45] } 25. Rae1 { [%clk 0:16.45] } Nd4
{ [%clk 0:40] } 26. Qf7 { [%clk 0:15.35] } Bc6 { [%clk 0:38] } 27. d7 { [%clk
0:13.58] } Qg8 { [%clk 0:35] } 28. a5 { [%clk 0:12.32] } Nf5 { [%clk 0:29] }
29. Re8 { [%clk 0:10.33] } Rxe8 { [%clk 0:29] } 30. dxe8=R { [%clk 0:10.53] }
Qxe8 { [%clk 0:29] } 31. Qxe8+ { [%clk 0:11.09] } Bxe8 { [%clk 0:30] } 32. a6
{ [%clk 0:07.10] } Bc6 { [%clk 0:30] } 33. a7 { [%clk 0:07.08] } Nh4 { [%clk
0:29] } 34. Nb5 { [%clk 0:04.18] } Kg8 { [%clk 0:12.27] } 35. Kg1 { [%clk
0:03.44] } Nxg2 { [%clk 0:08.25] } 36. Rd1 { [%clk 0:01.49] } Bxb2 { [%clk
0:08.27] } 37. Rd2 { [%clk 0:00.49] } Bc1 { [%clk 0:08.31] } 38. Rxg2 { [%clk
0:00.49] } Be3+ { [%clk 0:08.54] } 39. Kf1 { [%clk 0:00.42] } Bxb5+ { [%clk
0:09.15] } 40. Re2 { [%clk 0:00.47] } 1-0